[Event "27. Torneo San Viator 2016 - Troneo B"]
[Site "Madrid ESP"]
[Date "2016.10.09"]
[Round "3.4"]
[White "Mateos Cordero, Francisco"]
[Black "Franco Rincon, David"]
[Result "1-0"]
[WhiteElo "1637"]
[BlackElo "1728"]
[PlyCount "63"]
[EventDate "2016.09.25"]
[EventType "swiss"]
[EventRounds "9"]
[EventCountry "ESP"]
[Source "lmi"]
[SourceDate "2016.09.25"]

1. d4 d5 2. c4 c6 3. Nc3 Nf6 4. e3 Bf5 5. Nf3 Nbd7 6. Bd3 Bg4 7. cxd5 cxd5 8.
Qb3 Bxf3 9. gxf3 e6 10. Qxb7 Be7 11. Qb3 O-O 12. Bd2 Nb6 13. Ke2 Rb8 14. Qc2
Qc7 15. h4 Rfc8 16. Rag1 Nc4 17. Bc1 e5 18. Bf5 Re8 19. Nxd5 Nxd5 20. Bxh7+ Kf8
21. Qf5 Bf6 22. h5 Nd6 23. Qg4 Qc2+ 24. Bxc2 exd4 25. e4 d3+ 26. Bxd3 Bxb2 27.
Bxb2 Rxb2+ 28. Kf1 Nf6 29. Qxg7+ Ke7 30. e5 Rg8 31. Qxf6+ Kf8 32. Qxd6+ 1-0

[Event "27. Torneo San Viator 2016 - Troneo B"]
[Site "Madrid ESP"]
[Date "2016.10.09"]
[Round "3.5"]
[White "Fernandez Garcia, Emilio"]
[Black "Serrano Gonzalez, Oscar"]
[Result "0-1"]
[WhiteElo "1614"]
[BlackElo "1714"]
[PlyCount "78"]
[EventDate "2016.09.25"]
[EventType "swiss"]
[EventRounds "9"]
[EventCountry "ESP"]
[Source "lmi"]
[SourceDate "2016.09.25"]

1. d4 f5 2. g3 Nf6 3. Bg2 e6 4. Nf3 Be7 5. O-O O-O 6. c4 d6 7. Nc3 a5 8. Re1
Ne4 9. Nd2 Nxc3 10. bxc3 e5 11. f4 exf4 12. gxf4 Bh4 13. Rf1 Rf6 14. Nf3 Rh6
15. Bd2 Nd7 16. Be1 Bxe1 17. Qxe1 Nf6 18. Ng5 Ng4 19. h3 Ne3 20. Bd5+ Nxd5 21.
cxd5 Rg6 22. Kh2 Qe8 23. Rb1 h6 24. Nf3 Qe4 25. e3 b6 26. c4 Ba6 27. Qe2 Qxd5
28. cxd5 Bxe2 29. Rf2 Bc4 30. Rc1 Bxd5 31. Rxc7 b5 32. Nh4 Rf6 33. Ng2 Rf7 34.
Rc1 Be4 35. Rb2 b4 36. a3 Rb7 37. axb4 axb4 38. Ne1 Ra3 39. Nc2 Rc3 0-1

[Event "27. Torneo San Viator 2016 - Troneo B"]
[Site "Madrid ESP"]
[Date "2016.10.09"]
[Round "3.6"]
[White "San Felipe Gonzalez, Tomas"]
[Black "Alcojor Patilla, Antonio"]
[Result "1/2-1/2"]
[WhiteElo "1712"]
[BlackElo "1521"]
[PlyCount "148"]
[EventDate "2016.09.25"]
[EventType "swiss"]
[EventRounds "9"]
[EventCountry "ESP"]
[Source "lmi"]
[SourceDate "2016.09.25"]

1. d4 d6 2. c4 Nf6 3. Nc3 g6 4. g3 Bg7 5. Bg2 O-O 6. Nf3 c5 7. O-O Nc6 8. d5
Na5 9. Qd3 b6 10. Nd2 Ng4 11. f4 Bd4+ 12. Kh1 Ba6 13. Nd1 b5 14. Qf3 Nh6 15. e3
Bg7 16. cxb5 Bxb5 17. Re1 Nf5 18. Nc3 Bd7 19. Qe2 Rb8 20. Nf3 Qb6 21. g4 Nh6
22. h3 Bb5 23. Nxb5 Qxb5 24. Rb1 Nc4 25. Bf1 Na3 26. Qxb5 Nxb5 27. Bxb5 Rxb5
28. b3 Rfb8 29. e4 c4 30. g5 cxb3 31. axb3 Rxb3 32. Rxb3 Rxb3 33. gxh6 Bxh6 34.
Kg2 Rc3 35. Kg3 Bg7 36. Bd2 Ra3 37. Rb1 a5 38. Rb8+ Bf8 39. f5 Kg7 40. fxg6
fxg6 41. Kf2 h6 42. Bxh6+ Kxh6 43. Rxf8 Ra2+ 44. Ke3 a4 45. Re8 Ra1 46. Rxe7 a3
47. Ra7 a2 48. h4 Kh5 49. Kf4 Kh6 50. Ra8 Kg7 51. e5 dxe5+ 52. Kxe5 Rf1 53.
Ra7+ Kh6 54. Rxa2 Rxf3 55. Rd2 Kg7 56. Rd4 Rf5+ 57. Kd6 Rf6+ 58. Kd7 Kf8 59.
Re4 Rf7+ 60. Kd6 Rf5 61. Kc6 Rf6+ 62. d6 Rf1 63. d7 Rc1+ 64. Kd5 Rd1+ 65. Rd4
Rxd4+ 66. Kxd4 Ke7 67. Ke5 Kxd7 68. Kf6 Ke8 69. Kg7 Ke7 70. Kxg6 Kf8 71. Kh7
Kf7 72. h5 Kf8 73. Kh8 Kf7 74. h6 Kf8 1/2-1/2

[Event "27. Torneo San Viator 2016 - Troneo B"]
[Site "Madrid ESP"]
[Date "2016.10.09"]
[Round "3.7"]
[White "Estevez Sacristan, Deva"]
[Black "Lopez Benitez, David"]
[Result "1/2-1/2"]
[WhiteElo "1600"]
[BlackElo "1679"]
[PlyCount "40"]
[EventDate "2016.09.25"]
[EventType "swiss"]
[EventRounds "9"]
[EventCountry "ESP"]
[Source "lmi"]
[SourceDate "2016.09.25"]

1. e4 c5 2. Nf3 Nc6 3. d4 cxd4 4. Nxd4 d6 5. Nc3 Nf6 6. Be2 e6 7. O-O Be7 8.
Be3 O-O 9. f4 Bd7 10. f5 Nxd4 11. Bxd4 d5 12. Be3 Bc6 13. Bf3 Qa5 14. a3 a6 15.
b4 Qc7 16. g4 Nd7 17. g5 f6 18. g6 h6 19. Qd2 Nb6 20. Be2 Rfd8 1/2-1/2

[Event "27. Torneo San Viator 2016 - Troneo B"]
[Site "Madrid ESP"]
[Date "2016.10.09"]
[Round "3.8"]
[White "Tudela Garcia, Antonio"]
[Black "Simon Escalona, Irene"]
[Result "0-1"]
[WhiteElo "1648"]
[BlackElo "1488"]
[PlyCount "62"]
[EventDate "2016.09.25"]
[EventType "swiss"]
[EventRounds "9"]
[EventCountry "ESP"]
[Source "lmi"]
[SourceDate "2016.09.25"]

1. e4 e5 2. Nf3 Nc6 3. Bb5 a6 4. Ba4 Nf6 5. O-O b5 6. Bb3 Be7 7. Re1 d6 8. c3
Na5 9. Bc2 c5 10. d4 Qc7 11. d5 O-O 12. h3 Nc4 13. Nbd2 Nxd2 14. Bxd2 h6 15. a4
Bd7 16. Nh2 Nh7 17. f4 b4 18. c4 Bh4 19. Rf1 exf4 20. Bxf4 Bf6 21. Bc1 Bd4+ 22.
Kh1 Nf6 23. Nf3 Qc8 24. Kh2 Re8 25. Nxd4 cxd4 26. Qxd4 Re5 27. Bf4 Rh5 28. Bd1
Rh4 29. b3 Bxh3 30. Kg1 Bxg2 31. Qf2 Rh1+ 0-1

[Event "27. Torneo San Viator 2016 - Troneo B"]
[Site "Madrid ESP"]
[Date "2016.10.09"]
[Round "3.9"]
[White "Santos Burkholz, Mario"]
[Black "Casado Salvo, Jose Maria"]
[Result "0-1"]
[WhiteElo "1471"]
[BlackElo "1629"]
[PlyCount "155"]
[EventDate "2016.09.25"]
[EventType "swiss"]
[EventRounds "9"]
[EventCountry "ESP"]
[Source "lmi"]
[SourceDate "2016.09.25"]

1. e4 c6 2. d4 d5 3. e5 c5 4. Nf3 Bg4 5. Be2 Nc6 6. Be3 e6 7. Nc3 Bxf3 8. Bxf3
cxd4 9. Bxd4 Nxd4 10. Qxd4 Ne7 11. Be2 Nc6 12. Bb5 a6 13. Bxc6+ bxc6 14. O-O
Rb8 15. Rab1 Qb6 16. Qxb6 Rxb6 17. b3 Be7 18. Rbd1 O-O 19. Rd3 f6 20. exf6 Rxf6
21. Na4 Rb8 22. Re1 Kf7 23. Nb2 Bc5 24. Re2 Re8 25. Rd1 e5 26. Nd3 Bd6 27. c4
e4 28. Nb2 Re5 29. c5 Bc7 30. b4 Re8 31. a3 Rfe6 32. g3 Be5 33. Na4 Bc7 34. Nb2
g5 35. Kg2 h5 36. Kg1 Rf6 37. Kg2 Kg6 38. Rde1 Ref8 39. Nd1 Rb8 40. Nc3 Be5 41.
Na4 Rbf8 42. Nb2 Rf3 43. Ra1 Rb3 44. Ra2 Bxb2 45. Rexb2 Rxb2 46. Rxb2 Kf5 47.
Rb3 d4 48. Kf1 Ke5 49. Ke2 d3+ 50. Ke1 Kd4 51. b5 axb5 52. Rb4+ Kd5 53. h3 Re8
54. Kd2 Kxc5 55. Ke3 Kb6 56. Rd4 Re5 57. Rd8 Rd5 58. Rb8+ Kc5 59. Kd2 Kd4 60.
Rc8 c5 61. Rb8 c4 62. Rc8 Re5 63. Rd8+ Kc5 64. Rc8+ Kb6 65. Rf8 Rc5 66. Kc3 Rd5
67. Kd2 Kc5 68. Rc8+ Kd4 69. Rc7 Rf5 70. Rd7+ Kc5 71. Ke3 Rf3+ 72. Kxe4 Rxf2
73. Ke3 Re2+ 74. Kf3 Ra2 75. Ke3 Rxa3 76. Rc7+ Kb4 77. h4 gxh4 78. gxh4 0-1

[Event "27. Torneo San Viator 2016 - Troneo B"]
[Site "Madrid ESP"]
[Date "2016.10.09"]
[Round "3.10"]
[White "Fernandez Munoz, Jesus Norbert"]
[Black "Mora Marin, Guillermo"]
[Result "0-1"]
[WhiteElo "1435"]
[BlackElo "1620"]
[PlyCount "92"]
[EventDate "2016.09.25"]
[EventType "swiss"]
[EventRounds "9"]
[EventCountry "ESP"]
[Source "lmi"]
[SourceDate "2016.09.25"]

1. e4 e6 2. d4 d5 3. exd5 exd5 4. Nf3 Nf6 5. Bd3 Bg4 6. O-O Be7 7. c3 O-O 8.
Bg5 h6 9. Be3 Bd6 10. h3 Be6 11. Nbd2 Nbd7 12. c4 dxc4 13. Nxc4 Be7 14. b3 Nd5
15. Bd2 N7f6 16. Rc1 c6 17. Re1 Qc7 18. Nfe5 Bb4 19. Qf3 Bxd2 20. Nxd2 Nb4 21.
Bb1 Rad8 22. Ne4 Nxe4 23. Qxe4 f5 24. Qh4 Rf6 25. Rcd1 Nd5 26. Rd3 g5 27. Qg3
Nf4 28. Rdd1 Bd5 29. f3 Ne6 30. Bd3 Nxd4 31. f4 Ne6 32. Bc4 Nxf4 33. Bxd5+ Nxd5
34. Rf1 Re8 35. Rde1 f4 36. Ng4 fxg3 37. Rxe8+ Kf7 38. Nxf6 Nxf6 39. Re3 Kg6
40. Kh1 Nd5 41. Re6+ Kh5 42. Rf8 Qg7 43. Rf1 Qb2 44. h4 Nf4 45. Rxh6+ Kxh6 46.
hxg5+ Kg6 0-1

[Event "27. Torneo San Viator 2016 - Troneo B"]
[Site "Madrid ESP"]
[Date "2016.10.09"]
[Round "3.11"]
[White "Fogue Angelina, Hugo"]
[Black "Soria Martinez, Daniel"]
[Result "1/2-1/2"]
[WhiteElo "1583"]
[BlackElo "1414"]
[PlyCount "64"]
[EventDate "2016.09.25"]
[EventType "swiss"]
[EventRounds "9"]
[EventCountry "ESP"]
[Source "lmi"]
[SourceDate "2016.09.25"]

1. e4 e6 2. d4 d5 3. Nc3 Nf6 4. e5 Nfd7 5. f4 c5 6. Nf3 Nc6 7. Bb5 a6 8. Bxc6
bxc6 9. O-O Qb6 10. Kh1 cxd4 11. Nxd4 Bb7 12. Na4 Qa7 13. Be3 c5 14. Ne2 Bc6
15. c3 Be7 16. b4 Rb8 17. Nxc5 Nxc5 18. Bxc5 Bxc5 19. bxc5 Qxc5 20. Nd4 Rb2 21.
Qc1 Rb6 22. Rb1 O-O 23. Qc2 Rfb8 24. Rxb6 Rxb6 25. Rb1 Qxc3 26. Qd1 Rxb1 27.
Qxb1 Be8 28. Nf3 g6 29. h3 Qe3 30. Qb8 Kf8 31. Qd6+ Kg8 32. Qd8 Kf8 1/2-1/2

[Event "27. Torneo San Viator 2016 - Troneo B"]
[Site "Madrid ESP"]
[Date "2016.10.09"]
[Round "3.12"]
[White "Cabello Rodriguez, Raul"]
[Black "Ramos Barbancho, Jose Manuel"]
[Result "1-0"]
[WhiteElo "1571"]
[BlackElo "1376"]
[PlyCount "53"]
[EventDate "2016.09.25"]
[EventType "swiss"]
[EventRounds "9"]
[EventCountry "ESP"]
[Source "lmi"]
[SourceDate "2016.09.25"]

1. e4 Nf6 2. d3 d6 3. Nd2 g6 4. Ngf3 Bg4 5. g3 Bg7 6. Bg2 Nbd7 7. O-O O-O 8. c3
c6 9. b4 Qc7 10. Qb3 Rac8 11. Nc4 Bxf3 12. Bxf3 d5 13. Nb2 e5 14. Be3 b5 15.
Rac1 dxe4 16. dxe4 Rfd8 17. c4 Qb7 18. Nd3 Bf8 19. Bg5 Kg7 20. Bxf6+ Kxf6 21.
Bg4 Bh6 22. Rc2 Rb8 23. f4 bxc4 24. fxe5+ Kg5 25. Qxc4 Kxg4 26. Nf2+ Kh5 27.
Qe2+ 1-0

[Event "27. Torneo San Viator 2016 - Troneo B"]
[Site "Madrid ESP"]
[Date "2016.10.09"]
[Round "3.13"]
[White "Insua Rodriguez, Antonio"]
[Black "Castro Uceda, Jose Antonio"]
[Result "1/2-1/2"]
[WhiteElo "1432"]
[BlackElo "1532"]
[PlyCount "108"]
[EventDate "2016.09.25"]
[EventType "swiss"]
[EventRounds "9"]
[EventCountry "ESP"]
[Source "lmi"]
[SourceDate "2016.09.25"]

1. Nc3 d5 2. d4 Nf6 3. f3 e6 4. Bg5 Be7 5. e4 Nxe4 6. Bxe7 Nxc3 7. Bxd8 Nxd1 8.
Bxc7 Nxb2 9. Bb5+ Nc6 10. Rb1 Nc4 11. Ne2 O-O 12. Bxc4 dxc4 13. O-O a6 14. Rfd1
Re8 15. Nc3 b5 16. Ne4 Re7 17. Bd6 Rd7 18. d5 Nd8 19. dxe6 Nxe6 20. Nc5 Nxc5
21. Bxc5 Rxd1+ 22. Rxd1 Be6 23. c3 h6 24. Ra1 Rd8 25. Bd4 Rd7 26. a3 f6 27. Kf2
Kf7 28. Ke3 Bf5 29. a4 Re7+ 30. Kd2 Bd3 31. Be3 Rb7 32. Bc5 bxa4 33. Kc1 Rb5
34. Bd4 Ke6 35. Rxa4 a5 36. Ra2 Kf5 37. Kd2 a4 38. Ke3 a3 39. Rxa3 Rb2 40. g4+
Kg6 41. h4 Rh2 42. h5+ Kg5 43. Ra5+ Kh4 44. Kf4 Rb2 45. Ra7 g5+ 46. hxg6 Bxg6
47. Ra1 Rh2 48. Bxf6+ Kh3 49. Ra6 Kg2 50. Ra2+ Kh3 51. Rxh2+ Kxh2 52. Ke5 Kg3
53. g5 hxg5 54. Bxg5 Kxf3 1/2-1/2

[Event "27. Torneo San Viator 2016 - Troneo B"]
[Site "Madrid ESP"]
[Date "2016.10.09"]
[Round "3.14"]
[White "Cuerda Montagud, Tomas"]
[Black "Garcia Rojas, Juan Carlos"]
[Result "1/2-1/2"]
[WhiteElo "1416"]
[BlackElo "1514"]
[PlyCount "96"]
[EventDate "2016.09.25"]
[EventType "swiss"]
[EventRounds "9"]
[EventCountry "ESP"]
[Source "lmi"]
[SourceDate "2016.09.25"]

1. e4 c5 2. Nf3 e6 3. c3 Nc6 4. d4 cxd4 5. cxd4 Nf6 6. e5 Nd5 7. Be2 Be7 8. O-O
O-O 9. a3 b6 10. Nc3 Nxc3 11. bxc3 d5 12. Bd2 Na5 13. a4 Bb7 14. Rb1 Qc8 15.
Qc2 Ba6 16. Bxa6 Qxa6 17. Bc1 Nc4 18. Nd2 Rac8 19. Nxc4 Rxc4 20. Ra1 Rfc8 21.
Qd3 Qb7 22. Bd2 a6 23. Rfc1 Qd7 24. Rab1 Qd8 25. Ra1 Bg5 26. f4 Be7 27. Rcb1 f6
28. Rb3 R8c6 29. h3 fxe5 30. fxe5 Qe8 31. Qg3 Qh5 32. Rab1 Bd8 33. Rb4 a5 34.
Rxc4 Rxc4 35. Ra1 Rxa4 36. Rxa4 Qd1+ 37. Kh2 Qxa4 38. Bg5 Bxg5 39. Qxg5 Qd7 40.
Qc1 b5 41. Qb2 Qc6 42. Qa3 Qc4 43. Qa1 a4 44. Qa3 Kf7 45. Qd6 Qxc3 46. Qd7+ Kf8
47. Qd8+ Kf7 48. Qd7+ Kf8 1/2-1/2

[Event "27. Torneo San Viator 2016 - Troneo B"]
[Site "Madrid ESP"]
[Date "2016.10.09"]
[Round "3.15"]
[White "Giron Herranz, Juan"]
[Black "Cortijo Manso, Luis"]
[Result "1/2-1/2"]
[WhiteElo "1241"]
[BlackElo "1504"]
[PlyCount "91"]
[EventDate "2016.09.25"]
[EventType "swiss"]
[EventRounds "9"]
[EventCountry "ESP"]
[Source "lmi"]
[SourceDate "2016.09.25"]

1. d4 Nf6 2. c4 c5 3. e3 g6 4. Nf3 Bg7 5. Nc3 cxd4 6. exd4 O-O 7. g3 d5 8. Qb3
dxc4 9. Qxc4 Nc6 10. Bg2 Be6 11. Qb5 Qb6 12. Qxb6 axb6 13. Be3 Nd5 14. Nxd5
Bxd5 15. a3 Nb4 16. O-O Nc2 17. Rac1 Nxe3 18. fxe3 Rac8 19. Kf2 Rc6 20. Rxc6
bxc6 21. Rc1 Rc8 22. Bh3 e6 23. Bg2 c5 24. Nd2 Bxg2 25. Kxg2 e5 26. Nf3 exd4
27. exd4 c4 28. Ne5 b5 29. Rc2 f6 30. Nf3 Bf8 31. Kf2 b4 32. axb4 Bxb4 33. Nd2
c3 34. bxc3 Rxc3 35. Rxc3 Bxc3 36. Nb3 Kf7 37. Ke3 Ke6 38. Ke4 Kd6 39. g4 Be1
40. h3 Bf2 41. Nd2 f5+ 42. gxf5 gxf5+ 43. Kxf5 Bxd4 44. Nf3 Bc3 45. Ng5 Ke7 46.
Nxh7 1/2-1/2

[Event "27. Torneo San Viator 2016 - Troneo B"]
[Site "Madrid ESP"]
[Date "2016.10.09"]
[Round "3.16"]
[White "Rodriguez Nieto, Miguel"]
[Black "Martin Rodriguez, Jose Luis"]
[Result "1-0"]
[WhiteElo "1749"]
[BlackElo "1378"]
[PlyCount "87"]
[EventDate "2016.09.25"]
[EventType "swiss"]
[EventRounds "9"]
[EventCountry "ESP"]
[Source "lmi"]
[SourceDate "2016.09.25"]

1. d4 Nf6 2. c4 e6 3. Nc3 d5 4. Nf3 Bb4 5. Bg5 O-O 6. cxd5 exd5 7. a3 Be7 8. e3
c5 9. Be2 Nbd7 10. O-O c4 11. b3 Nb6 12. Rc1 Bxa3 13. bxc4 Bxc1 14. Qxc1 dxc4
15. e4 h6 16. Bxh6 gxh6 17. Qxh6 Ng4 18. Qh5 Qf6 19. h3 Nh6 20. Ne5 Qg7 21. Kh2
Kh7 22. f4 f6 23. Nf3 Qg6 24. Qh4 Kg7 25. f5 Qf7 26. Nd2 Rh8 27. Qg3+ Kf8 28.
Qf4 Bd7 29. Rf3 Ke7 30. d5 Rag8 31. Nxc4 Nxc4 32. Bxc4 Kd8 33. Qb8+ Bc8 34.
Qxa7 Qc7+ 35. d6 Qxc4 36. Qa5+ Kd7 37. Nb5 Qxe4 38. Qc7+ Ke8 39. Qxc8+ Kf7 40.
Qd7+ Kf8 41. Nc7 Nf7 42. Ne6+ Qxe6 43. fxe6 Ne5 44. Qe7# 1-0

[Event "27. Torneo San Viator 2016 - Troneo B"]
[Site "Madrid ESP"]
[Date "2016.10.09"]
[Round "3.17"]
[White "Merino Araguas, Jose Javier"]
[Black "Del Noval Nemeshazi, Mario"]
[Result "1-0"]
[WhiteElo "1718"]
[BlackElo "1304"]
[PlyCount "47"]
[EventDate "2016.09.25"]
[EventType "swiss"]
[EventRounds "9"]
[EventCountry "ESP"]
[Source "lmi"]
[SourceDate "2016.09.25"]

1. d4 Nf6 2. c4 g6 3. Nc3 Bg7 4. e4 d6 5. h3 O-O 6. Nf3 Nbd7 7. Be3 e5 8. d5 b6
9. Be2 Nc5 10. Nd2 Bd7 11. b4 Na6 12. Rb1 Nb8 13. O-O c5 14. bxc5 bxc5 15. Nb5
Qb6 16. f4 Ne8 17. fxe5 Bxe5 18. Nf3 Bg7 19. Bf4 a6 20. Nxd6 Qc7 21. Rb7 Qa5
22. Qb1 Nxd6 23. Bxd6 Rd8 24. Bxb8 1-0

[Event "27. Torneo San Viator 2016 - Troneo B"]
[Site "Madrid ESP"]
[Date "2016.10.09"]
[Round "3.18"]
[White "Benitez Cadenas, Luis Miguel"]
[Black "Baranco Gonzalez, Nicolas"]
[Result "1-0"]
[WhiteElo "1645"]
[BlackElo "1300"]
[PlyCount "117"]
[EventDate "2016.09.25"]
[EventType "swiss"]
[EventRounds "9"]
[EventCountry "ESP"]
[Source "lmi"]
[SourceDate "2016.09.25"]

1. d4 d5 2. Nf3 Nc6 3. g3 Nf6 4. Bg2 g6 5. O-O Bg7 6. Bf4 O-O 7. c4 dxc4 8. Na3
Be6 9. Rc1 Nb4 10. Qa4 Nxa2 11. Ra1 c3 12. b3 Qd5 13. Rxa2 Qxb3 14. Qxb3 Bxb3
15. Raa1 a5 16. Rac1 Ne4 17. Ne5 Nd6 18. Rxc3 Be6 19. Rxc7 Nf5 20. e3 Rfc8 21.
Nd3 Rxc7 22. Bxc7 Rc8 23. Rc1 Bh6 24. Nf4 Bxf4 25. gxf4 Nd6 26. Rc5 b5 27. Bxd6
exd6 28. Rxc8+ Bxc8 29. Nxb5 a4 30. d5 Kf8 31. e4 Ke7 32. f3 Kd7 33. Bh3+ Kd8
34. Bxc8 Kxc8 35. Nxd6+ Kc7 36. Nc4 Kb7 37. Kf2 h6 38. Ke3 f6 39. e5 fxe5 40.
fxe5 Kc7 41. Kd4 Kd8 42. e6 Ke8 43. d6 Kd8 44. Kd5 g5 45. Kc6 h5 46. e7+ Ke8
47. d7+ Kxe7 48. Kc7 Ke6 49. d8=Q g4 50. fxg4 hxg4 51. Qd7+ Kf6 52. Qxg4 a3 53.
Nxa3 Ke5 54. h4 Kf6 55. h5 Ke5 56. h6 Kf6 57. h7 Ke5 58. h8=Q+ Kd5 59. Qhd4#
1-0

[Event "27. Torneo San Viator 2016 - Troneo B"]
[Site "Madrid ESP"]
[Date "2016.10.09"]
[Round "3.19"]
[White "Lopez Nunez, Alonso"]
[Black "Ramos Antona, Enrique"]
[Result "1/2-1/2"]
[WhiteElo "1361"]
[BlackElo "1613"]
[PlyCount "66"]
[EventDate "2016.09.25"]
[EventType "swiss"]
[EventRounds "9"]
[EventCountry "ESP"]
[Source "lmi"]
[SourceDate "2016.09.25"]

1. b3 e5 2. Bb2 d6 3. e3 Be7 4. d4 exd4 5. Bxd4 Bf6 6. Nf3 Bxd4 7. Nxd4 Nf6 8.
Bd3 Nbd7 9. Nd2 Ne5 10. Ne4 Nxd3+ 11. Qxd3 h6 12. Nxf6+ Qxf6 13. O-O O-O 14.
Rfd1 Bg4 15. f3 Bh5 16. Nb5 Qe7 17. Nd4 Bg6 18. Qd2 c6 19. e4 Rad8 20. Re1 Qc7
21. c4 Rfe8 22. Qf2 Re5 23. Ne2 Qb6 24. Qxb6 axb6 25. Nf4 Bh7 26. Rad1 f5 27.
exf5 Rxe1+ 28. Rxe1 Bxf5 29. g4 Bc8 30. Re7 Kh7 31. Ne6 Bxe6 32. Rxe6 Rd7 33.
Kf2 Kg8 1/2-1/2

[Event "27. Torneo San Viator 2016 - Troneo B"]
[Site "Madrid ESP"]
[Date "2016.10.09"]
[Round "3.20"]
[White "Ghavami, Mahmoud"]
[Black "Arevalo Estriegana, Jorge"]
[Result "1/2-1/2"]
[WhiteElo "1592"]
[BlackElo "1273"]
[PlyCount "126"]
[EventDate "2016.09.25"]
[EventType "swiss"]
[EventRounds "9"]
[EventCountry "ESP"]
[Source "lmi"]
[SourceDate "2016.09.25"]

1. d4 d5 2. Nf3 Nf6 3. Bf4 Bf5 4. e3 e6 5. c4 Bxb1 6. Qxb1 Bb4+ 7. Nd2 Ne4 8.
Qc2 Bxd2+ 9. Ke2 Bb4 10. c5 c6 11. Rd1 O-O 12. f3 Nf6 13. a3 Ba5 14. g4 Bc7 15.
Bg3 Nbd7 16. Kf2 e5 17. b4 e4 18. Be2 a5 19. f4 axb4 20. Rb1 Qc8 21. axb4 Ra7
22. h4 Qa8 23. b5 Ra2 24. Rb2 Rxb2 25. Qxb2 cxb5 26. Ra1 Qc8 27. Qxb5 Nb8 28.
g5 Ng4+ 29. Bxg4 Qxg4 30. Qe2 Qxe2+ 31. Kxe2 Na6 32. Rb1 Rb8 33. Kd2 b5 34. Ra1
Ra8 35. Kc3 b4+ 36. Kb2 f6 37. Be1 Ra7 38. Ra4 Bb8 39. Kb3 Kf8 40. Bxb4 Nxb4
41. Rxb4 Bc7 42. Rb5 Ke7 43. Kc2 Kd7 44. Rb1 Ra2+ 45. Rb2 Rxb2+ 46. Kxb2 fxg5
47. hxg5 Kc6 48. Kc2 Kb5 49. Kd2 Kc4 50. f5 Kb5 51. f6 gxf6 52. gxf6 Bd8 53. f7
Be7 54. Ke2 Kc6 55. Kf2 Kd7 56. Kg3 Ke6 57. Kf4 Kxf7 58. Ke5 Ke8 59. Kxd5 Kd7
60. Kxe4 h5 61. Kf5 Kc6 62. e4 h4 63. Kg4 Bxc5 1/2-1/2

[Event "27. Torneo San Viator 2016 - Troneo B"]
[Site "Madrid ESP"]
[Date "2016.10.09"]
[Round "3.21"]
[White "Benitez Robles, Antonio"]
[Black "Corral Sanchez, Jesus"]
[Result "0-1"]
[WhiteElo "1344"]
[BlackElo "1581"]
[PlyCount "62"]
[EventDate "2016.09.25"]
[EventType "swiss"]
[EventRounds "9"]
[EventCountry "ESP"]
[Source "lmi"]
[SourceDate "2016.09.25"]

1. e4 Nf6 2. Nc3 d5 3. e5 Nfd7 4. d4 Nb6 5. b3 e6 6. Nf3 Be7 7. Be2 c5 8. O-O
Nc6 9. Be3 cxd4 10. Bxd4 Nxd4 11. Qxd4 Bd7 12. Nd1 O-O 13. Ne3 Bc6 14. Nd2 Nd7
15. f4 Bc5 16. Qd3 b5 17. Kh1 Qb6 18. Rf3 d4 19. Rh3 g6 20. Ng4 Qb7 21. Qg3 Be7
22. Bd3 Kg7 23. Rf1 h5 24. Nf2 Rh8 25. Nfe4 Qc7 26. Ng5 Bxg5 27. Qxg5 Qd8 28.
Qg3 Qe7 29. f5 exf5 30. Rxf5 h4 31. Qg5 Rae8 0-1

[Event "27. Torneo San Viator 2016 - Troneo B"]
[Site "Madrid ESP"]
[Date "2016.10.09"]
[Round "3.22"]
[White "Garcia Pumarega, Alejandro"]
[Black "Salgado Duarte, Pablo"]
[Result "1/2-1/2"]
[WhiteElo "1315"]
[BlackElo "1571"]
[PlyCount "81"]
[EventDate "2016.09.25"]
[EventType "swiss"]
[EventRounds "9"]
[EventCountry "ESP"]
[Source "lmi"]
[SourceDate "2016.09.25"]

1. e4 e5 2. Nf3 Nc6 3. Bb5 a6 4. Ba4 Nf6 5. O-O b5 6. Bb3 Be7 7. Re1 O-O 8. c3
d6 9. h3 h6 10. Bc2 Be6 11. a3 Nh7 12. d4 exd4 13. cxd4 d5 14. e5 Qd7 15. Qd3
f5 16. Nbd2 Nd8 17. Nf1 c5 18. dxc5 Bxc5 19. Be3 Be7 20. g4 Rc8 21. Bb1 Nf7 22.
gxf5 Bxf5 23. Qxf5 Qxf5 24. Bxf5 Rc6 25. Bxh7+ Kxh7 26. Red1 Nd8 27. N1h2 Rg6+
28. Kf1 Rc6 29. Rxd5 Rc2 30. Rd7 Bc5 31. Bxc5 Rxc5 32. Rad1 Ne6 33. Ra7 Nf4 34.
Rdd7 Rc1+ 35. Ne1 Nh5 36. e6 Ng3+ 37. Kg2 Nf5 38. Nhf3 Rc2 39. e7 Ne3+ 40. Kg3
Nf5+ 41. Kg2 1/2-1/2

[Event "27. Torneo San Viator 2016 - Troneo B"]
[Site "Madrid ESP"]
[Date "2016.10.09"]
[Round "3.23"]
[White "Alameda Arellano, Cristeto"]
[Black "Palomares Cortez, Facundo Seba"]
[Result "1/2-1/2"]
[WhiteElo "1550"]
[BlackElo "1184"]
[PlyCount "93"]
[EventDate "2016.09.25"]
[EventType "swiss"]
[EventRounds "9"]
[EventCountry "ESP"]
[Source "lmi"]
[SourceDate "2016.09.25"]

1. d4 d5 2. Bf4 c6 3. Nf3 e6 4. e3 f5 5. c4 Nf6 6. h3 Bd6 7. Ne5 O-O 8. Nd2
Bxe5 9. Bxe5 Nbd7 10. Bd6 Rf7 11. Nf3 Ne8 12. Bf4 Nef6 13. Ng5 Re7 14. Bd6 Re8
15. Bd3 h6 16. Nf3 Ne4 17. Bh2 Qa5+ 18. Nd2 Qxd2+ 19. Qxd2 Nxd2 20. Kxd2 Nf6
21. c5 Re7 22. b4 b5 23. f3 a5 24. a4 Rea7 25. axb5 axb4 26. Rxa7 Rxa7 27. Rb1
cxb5 28. Rxb4 Ba6 29. Ke2 Kf7 30. Kf2 g5 31. g4 fxg4 32. hxg4 h5 33. gxh5 Nxh5
34. Kg2 Nf6 35. Bd6 Ne8 36. Be5 Nf6 37. c6 Ne8 38. Bxb5 Bxb5 39. Rxb5 Ra2+ 40.
Kg3 Rc2 41. Rb7+ Kg6 42. c7 Kf5 43. f4 gxf4+ 44. Bxf4 Rc3 45. Kh4 Kg6 46. Kg4
Rc4 47. Be5 1/2-1/2

[Event "27. Torneo San Viator 2016 - Troneo B"]
[Site "Madrid ESP"]
[Date "2016.10.09"]
[Round "3.24"]
[White "Gomez Logrosan, Cristian"]
[Black "Krause Llorente, Paul"]
[Result "1/2-1/2"]
[WhiteElo "1309"]
[BlackElo "1510"]
[PlyCount "53"]
[EventDate "2016.09.25"]
[EventType "swiss"]
[EventRounds "9"]
[EventCountry "ESP"]
[Source "lmi"]
[SourceDate "2016.09.25"]

1. e4 e5 2. Nf3 d6 3. Bc4 f5 4. exf5 Bxf5 5. d3 Bg4 6. Nc3 Nc6 7. h3 Bh5 8.
Nxe5 Nxe5 9. Qxh5+ g6 10. Qe2 Be7 11. Bxg8 Rxg8 12. Bf4 Nc6 13. Nd5 Rg7 14. Bh6
Rf7 15. c3 Qd7 16. O-O-O O-O-O 17. Nxe7+ Nxe7 18. Rhe1 Nc6 19. f3 Re7 20. Qd2
Rde8 21. Rxe7 Qxe7 22. Bg5 Qe6 23. Bh4 Qxa2 24. Re1 Qa1+ 25. Kc2 Rxe1 26. Qxe1
Qa4+ 27. Kd2 1/2-1/2

[Event "27. Torneo San Viator 2016 - Troneo B"]
[Site "Madrid ESP"]
[Date "2016.10.09"]
[Round "3.25"]
[White "Pastor Martinez, Diego"]
[Black "Fernandez Rodriguez, Alberto"]
[Result "0-1"]
[WhiteElo "1251"]
[BlackElo "1509"]
[PlyCount "118"]
[EventDate "2016.09.25"]
[EventType "swiss"]
[EventRounds "9"]
[EventCountry "ESP"]
[Source "lmi"]
[SourceDate "2016.09.25"]

1. e4 d6 2. d4 Nf6 3. Nc3 g6 4. g3 Bg7 5. Nf3 O-O 6. Bg2 Na6 7. a3 c5 8. dxc5
Nxc5 9. O-O Ncxe4 10. Nxe4 Nxe4 11. Re1 Nc5 12. c3 Bg4 13. Be3 Qc7 14. Rc1 Rac8
15. Bxc5 dxc5 16. h3 Bxf3 17. Bxf3 b6 18. Qe2 e6 19. Red1 Rcd8 20. Re1 Rd6 21.
Qc2 Rfd8 22. Qb1 Rd2 23. Rc2 R8d6 24. Rxd2 Rxd2 25. Re2 Rxe2 26. Bxe2 Qd7 27.
Kg2 Bh6 28. Qc2 Qd2 29. Qxd2 Bxd2 30. Bc4 Bc1 31. b4 Bxa3 32. bxc5 Bxc5 33. Kf3
a5 34. Bb5 Kg7 35. Ke2 f5 36. f3 Bd6 37. g4 fxg4 38. fxg4 g5 39. Kd3 Kf6 40.
Ke4 h6 41. c4 Ke7 42. Ba4 Bc7 43. Bb5 Kd6 44. Kd4 Bd8 45. Ba6 Bf6+ 46. Ke4 a4
47. c5+ Kxc5 48. Bd3 a3 49. Bb1 b5 50. Kd3 b4 51. Kc2 Bc3 52. Ba2 e5 53. Kb3
Kd4 54. Bb1 Ke3 55. Kc4 Kf3 56. Kd5 Kg3 57. Ke6 Kxh3 58. Kf5 b3 59. Bd3 a2 0-1